00846 2200301 4500001002100000005001500021035002500036008004100061020002200102040001700124082001400141084001600155100001900171245005500190250001100245260003600256300004400292500003100336650002000367850001200387007000300399090002000402090002200422504003400444999002200478990002200500990002200522INLIS00000000000802220200522100512 a0010-071500000000705150714s2014 yoia g ind d a978-602-262-160-7 aYOPDYOGbind04222a658.5 a658.5 RAD i0 aRadita Arindya00aInstrumentasi dan kontrol proses /cRadita Arindya aCet. 13 aYogyakarta :bGraha Ilmu,c2014 aviii, 300 halaman :bilustrasi ;c23 cm aBibliografi : hlm. 299-300 4aTeknik Industri aYOPDYOGta aDEP 658.5 RAD i aCB-D.11 2014-1262 aBibliografi : halaman 299-300 aCB-D.11/2014-1262 aCB-D.11/2014-1262 aCB-D.11/2014-1262